
Library Catalogue

| 000 -LEADER | |
|---|---|
| fixed length control field | 01276nam a2200217Ia 4500 |
| 003 - CONTROL NUMBER IDENTIFIER | |
| control field | OSt |
| 005 - DATE AND TIME OF LATEST TRANSACTION | |
| control field | 20210908103135.0 |
| 008 - FIXED-LENGTH DATA ELEMENTS--GENERAL INFORMATION | |
| fixed length control field | 160316s1997 xxu||||| |||| 00| 0 eng d |
| 020 ## - INTERNATIONAL STANDARD BOOK NUMBER | |
| International Standard Book Number | 9780792344674 |
| 040 ## - CATALOGING SOURCE | |
| Transcribing agency | n |
| 082 ## - DEWEY DECIMAL CLASSIFICATION NUMBER | |
| Classification number | 342.085000 |
| Item number | WEL |
| 100 ## - MAIN ENTRY--PERSONAL NAME | |
| Personal name | Wellman Carl |
| 245 ## - TITLE STATEMENT | |
| Title | An approach to rights : Studies in the philosophy of law and morals |
| 260 ## - PUBLICATION, DISTRIBUTION, ETC. | |
| Place of publication, distribution, etc. | London |
| Name of publisher, distributor, etc. | Kluwer Academic Publishers |
| Date of publication, distribution, etc. | 1997 |
| 300 ## - PHYSICAL DESCRIPTION | |
| Extent | 271p |
| Dimensions | ix |
| 365 ## - TRADE PRICE | |
| Price amount | Gratis |
| 505 ## - FORMATTED CONTENTS NOTE | |
| Formatted contents note | Table of contents<br/>1. Seeking a Theory of Rights;<br/>2. Upholding Legal Rights;<br/>3. Legal Rights;<br/>4. A New Conception of Human Rights;<br/>5. Consent to Medical Research on Children;<br/>6. Taking Economic Rights Seriously;<br/>7. Moral Rights and Positive Law;<br/>8. The Growth of Children's Rights;<br/>9. Terrorism and Moral Rights;<br/>10. Judicial Discretion and Constitutional Law;<br/>11. The Right to Privacy and Personal Autonomy;<br/>12. Social Justice and Human Rights;<br/>13. Violence, Law, and Basic Rights;<br/>14. Politics and Constitutional Rights;<br/>15. Interpreting the Bill of Rights;<br/>16. The Inalienable Right to Life;<br/>Bibliography;<br/>Index of Names;<br/>Index of Subjects. |
| 650 ## - SUBJECT ADDED ENTRY--TOPICAL TERM | |
| Topical term or geographic name entry element | 1. Human Rights Theories 2. Human Rights - Philosophy 3. Human Rights - Law - Morals |
| 700 ## - ADDED ENTRY--PERSONAL NAME | |
| Personal name | |
| -- | |
| 942 ## - ADDED ENTRY ELEMENTS (KOHA) | |
| Source of classification or shelving scheme | Dewey Decimal Classification |
| Koha item type | BOOKs |
| Withdrawn status | Lost status | Damaged status | Not for loan | Home library | Current library | Shelving location | Date acquired | Total Checkouts | Full call number | Barcode | Checked out | Date last seen | Date last checked out | Price effective from | Koha item type |
|---|---|---|---|---|---|---|---|---|---|---|---|---|---|---|---|
| . | . | 30.05.2017 | 1 | 342.085 WEL | 16640 | 12.11.2025 | 14.08.2025 | 14.08.2025 | 30.05.2017 | BOOKs |